000 00520nam a2200169 i 4500
001 57831
003 ES-MaACL
005 20230906163647.0
007 t|
008 031020s1962 fr ||||1| fre d
100 1 _aDreyfus, Hippolyte.
_945620
245 1 0 _aEssai sur le Bahá'Isme
_b: son histoire, sa portée sociale /
_cHippolyte Dreyfus.
250 _a3eme ed. rev. et argumentée.
260 _aParis :
_bPresses Universitaires,
_c1962.
300 _aXI, 152 p. ;
_c19 cm.
852 _aES-MaACL
_jC-22243
_bR.50766
999 _c57831
_d57831